Widok standardowy
Widok MARC
Pozycja Personal Name
Liczba rekordów, w których użyto hasła: 1
001 - Numer kontrolny
- control field: 40914
003 - Identyfikator numeru kontrolnego
- control field: NUKAT
005 - Data i czas ostatniej modyfikacji
- control field: 20260429144127.0
008 - Dane kontrolne kodowane (40 znaków)
- fixed length control field: 160614n||a|znnaabn |a aaa |c
010 ## - Numer kontrolny Biblioteki Kongresu
- numer kontrolny LC: n 2016051925
024 7# - OTHER STANDARD IDENTIFIER
- Standard number or code: 306429150
- Source of number or code: viaf
040 ## - Instytucja sporządzająca rekord
- inst. przygot. dane do rek. khw: WA M/BA
- język haseł przedmiotowych/tezaurus: kaba
- inst. wprow. rek. khw: WA M/BA
100 1# - Hasło - nazwa osobowa
- nazwa osobowa w formie ujednoliconej: Snopek, Adam.
670 ## - Źródło informacji
- źródło informacji: Cudowny jeleń / wybór, opracowanie i posłowie Márta Gedeon. - Poznań, cop. 2016.
- gdzie znaleziono informację: Tł. z jęz. węg.
675 ## - Źródło nie podające informacji
- wskazanie źródła: BNPol online, 14.06.16